| 000 | 01025nam a2200289 i 4500 | ||
|---|---|---|---|
| 001 | 98424 | ||
| 003 | ES-MaACL | ||
| 005 | 20250814074354.0 | ||
| 007 | t| | ||
| 008 | 050826s1967 sp ||||1| spa d | ||
| 080 | _a915-012(02) | ||
| 080 | _a338(5-012)"1961/..." | ||
| 080 | _a308(5-012)"1961/..." | ||
| 100 | 1 |
_aGourou, Pierre. _959364 |
|
| 245 | 1 | 3 |
_aLa tierra y el hombre en Extremo Oriente / _cPierre Gourou ; [traducido por C. del Pozo y A. Echevarria]. |
| 260 |
_aBilbao : _bMoreton, _c[1967] |
||
| 300 |
_a182 p., 14 lám. ; _c16 cm. |
||
| 490 | 1 |
_aPanoramas de la Geografía Universal ; _v10 |
|
| 651 | 4 |
_aExtremo Oriente- _xGeografía. _98648 |
|
| 651 | 4 |
_aExtremo Oriente- _xSituación económica- _y1961- _98649 |
|
| 651 | 4 |
_aExtremo Oriente- _xSituación social- _y1961- _98650 |
|
| 700 | 1 |
_aPozo, Carlos del. _993535 |
|
| 700 | 1 |
_aEchevarría Pagola, Abilio. _946562 |
|
| 830 | 0 | 0 |
_aPanoramas de la geografía universal _v10 _9232333 |
| 852 |
_aES-MaACL _jP-1407 _bR.68289 |
||
| 999 |
_c98424 _d98424 |
||